Kadal oru nadiyude kathayanu/ (Record no. 67813)

000 -LEADER
fixed length control field 00352nam a22001457a 4500
082 ## - DEWEY DECIMAL CLASSIFICATION NUMBER
Classification number M301
Item number MAD/K
100 ## - MAIN ENTRY--AUTHOR NAME
Personal name Madhupal
245 ## - TITLE STATEMENT
Title Kadal oru nadiyude kathayanu/
Statement of responsibility, etc by Madhupal
260 ## - PUBLICATION, DISTRIBUTION, ETC. (IMPRINT)
Place of publication Kollam:
Name of publisher Sankeerthanam,
Year of publication 2008.
300 ## - PHYSICAL DESCRIPTION
Number of Pages 77p.
650 ## - SUBJECT ADDED ENTRY--TOPICAL TERM
Topical Term Stories Malayalam
650 ## - SUBJECT ADDED ENTRY--TOPICAL TERM
Topical Term Literature Malayalam
650 ## - SUBJECT ADDED ENTRY--TOPICAL TERM
Topical Term Literature
942 ## - ADDED ENTRY ELEMENTS (KOHA)
Koha item type Book
Holdings
Withdrawn status Lost status Damaged status Not for loan Permanent Location Current Location Shelving location Date acquired Cost, normal purchase price Full call number Accession Number Price effective from Koha item type
        Sree Sankaracharya University of Sanskrit Sree Sankaracharya University of Sanskrit Stacks 02.09.2017 60.00 M 301 MAD/K 084947 02.09.2017 Book